00350nam a2200145Ia 4500008004100000020001500041082000800056100001600064245003100080260002800111300000800139500002400147650001600171700001700187230524s9999 xx 000 0 und d a8173195609 bSHI aM.M.Shikare 0aCombinational Optimization aNEW DELHIbNarosac2004 a225 aQuantity Number: 2 aMathematics a B.N.Waphare